|
|
|
|
| LEADER |
00822cam a2200217 7i4500 |
| 001 |
0000038282 |
| 005 |
20170218090000.0 |
| 008 |
110328 eng |
| 020 |
|
|
|a 9781848824737 (hbk.)
|
| 090 |
0 |
0 |
|a TS191.8
|b .R47 2009
|
| 245 |
0 |
0 |
|a Rescue robotics :
|b DDT project on robots and systems for urban search and rescue
|c Satoshi Tadokoro, editor.
|
| 260 |
|
|
|a Dordrecht:
|b Springer,
|c 2009.
|
| 300 |
|
|
|a xxii, 192 p.:
|b ill.;
|c 24 cm.
|
| 504 |
|
|
|a Includes bibliographical references and index
|
| 650 |
0 |
0 |
|a Robots
|
| 650 |
0 |
0 |
|a Extreme environments
|
| 650 |
0 |
0 |
|a Rescue work --
|x Equipment and supplies
|
| 700 |
3 |
|
|a Satoshi, Tadokoro
|
| 997 |
|
|
|a Engineering, Faculty
|b Engineering, Department
|
| 998 |
|
|
|a Mechatronics Engineering, Degree
|
| 999 |
|
|
|a 0000048765
|b BOK
|c OPEN SHELF
|e 1st Floor, Bestari Jaya
|